[Event "FIDE World Bl Team Final"]
[Site "Almaty KAZ"]
[Date "2024.08.05"]
[Round "2.1"]
[White "Sadhwani, Raunak"]
[Black "Eljanov, Pavel"]
[Result "1-0"]
[WhiteTitle "GM"]
[BlackTitle "GM"]
[WhiteElo "2653"]
[BlackElo "2672"]
[WhiteTeam "Team MGD1"]
[BlackTeam "Ashdod Chess Club"]
[WhiteFideId "35093487"]
[BlackFideId "14102951"]
[EventDate "2024.08.05"]

1. c4 Nf6 2. Nf3 e6 3. b3 d5 4. Bb2 Bd6 5. e3 O-O 6. Nc3 a6 7. g4 c5 8. Qc2 d4
9. exd4 cxd4 10. Nxd4 e5 11. Nf5 Nc6 12. Ne4 Bxf5 13. Nxf6+ Qxf6 14. Qxf5 Qe7
15. Bg2 g6 16. Qe4 Bc5 17. O-O Rad8 18. Rad1 Bd4 19. Bc3 Qh4 20. Qf3 Rd7 21. Qg3
Qxg3 22. hxg3 Rfd8 23. Rde1 Bxc3 24. dxc3 Rd2 25. a4 R8d3 26. Rc1 Rb2 27. Be4
Rdd2 28. b4 Nd8 29. a5 Kf8 30. Rfd1 Ke7 31. Rxd2 Rxd2 32. Re1 f6 33. f4 Kd6 34.
c5+ Kc7 35. fxe5 fxe5 36. Rf1 Rd7 37. Rf6 Re7 38. Bd5 e4 39. Kf2 e3+ 40. Ke2 Nc6
41. Bxc6 bxc6 42. Rf3 Re4 43. Rf4 Re7 44. g5 Re5 45. Rf7+ Kb8 46. Rxh7 Rxg5 47.
Rh3 Re5 48. Rh8+ Kb7 49. Rh7+ Kb8 50. Rf7 Re4 51. Rf3 Rg4 52. Rxe3 Kb7 53. Kf3
Rc4 54. Rd3 g5 55. Ke3 Rg4 56. Kd2 Kc7 57. Kc2 Re4 58. Kb3 1-0

[Event "FIDE World Bl Team Final"]
[Site "Almaty KAZ"]
[Date "2024.08.05"]
[Round "2.1"]
[White "Volokitin, Andrei"]
[Black "Narayanan, S.L."]
[Result "0-1"]
[WhiteTitle "GM"]
[BlackTitle "GM"]
[WhiteElo "2667"]
[BlackElo "2649"]
[WhiteTeam "Ashdod Chess Club"]
[BlackTeam "Team MGD1"]
[WhiteFideId "14107090"]
[BlackFideId "5058422"]
[EventDate "2024.08.05"]

1. e4 c5 2. Nf3 Nc6 3. Bb5 e6 4. O-O Nge7 5. d4 cxd4 6. Nxd4 Ng6 7. Be3 Be7 8.
c3 O-O 9. Nd2 a6 10. Be2 Nxd4 11. cxd4 b5 12. Bd3 Bb7 13. Qh5 Qe8 14. Rfe1 f6
15. Rad1 Bd6 16. g3 Bb4 17. a3 Bxd2 18. Bxd2 Ne5 19. Qxe8 Nf3+ 20. Kf1 Rfxe8 21.
Re3 Nxh2+ 22. Kg1 Ng4 23. Ree1 d5 24. f3 dxe4 25. fxe4 Red8 26. Bc3 Kf7 27. Bc2
e5 28. d5 Bc8 29. Rc1 Bd7 30. Bd3 Rdc8 31. Bd2 g6 32. Kg2 h5 33. Rxc8 Rxc8 34.
Rc1 Rxc1 35. Bxc1 f5 36. Bd2 Nf6 37. Kf3 fxe4+ 38. Bxe4 Bf5 39. Bxf5 gxf5 40. d6
Ke6 41. Bb4 Ne4 42. d7 Kxd7 43. Ba5 Ke6 44. Bc7 Nd2+ 45. Ke2 Nc4 46. b3 Nxa3 47.
Kd3 b4 48. Ba5 Nb5 49. Bxb4 Nd4 50. Kc4 Ne2 51. Be1 f4 52. gxf4 exf4 53. Kd3 Ng3
54. Bd2 Kf5 55. b4 h4 56. b5 axb5 57. Kd4 0-1

[Event "FIDE World Bl Team Final"]
[Site "Almaty KAZ"]
[Date "2024.08.05"]
[Round "2.1"]
[White "Pranav, V"]
[Black "Moiseenko, Alexander"]
[Result "1/2-1/2"]
[WhiteTitle "GM"]
[BlackTitle "GM"]
[WhiteElo "2598"]
[BlackElo "2562"]
[WhiteTeam "Team MGD1"]
[BlackTeam "Ashdod Chess Club"]
[WhiteFideId "25060783"]
[BlackFideId "14102560"]
[EventDate "2024.08.05"]

1. e4 c5 2. Nf3 Nc6 3. Bb5 d6 4. O-O Bd7 5. Re1 Nf6 6. c3 a6 7. Bf1 e5 8. d4
cxd4 9. cxd4 Bg4 10. d5 Nd4 11. Be3 Nxf3+ 12. gxf3 Bd7 13. Nd2 Be7 14. Nc4 b5
15. Nb6 Rb8 16. Nxd7 Nxd7 17. Rc1 O-O 18. Rc6 a5 19. Bh3 Nf6 20. Qd2 Nh5 21.
Rec1 Nf4 22. Bxf4 exf4 23. Rc8 Rxc8 24. Rxc8 Qb6 25. Rc6 Qa7 26. Qxf4 Qd4 27.
Ra6 a4 28. b3 g6 29. bxa4 bxa4 30. Kg2 Rb8 31. Qe3 Qxe3 32. fxe3 Rb2+ 33. Kg3
Rxa2 34. e5 dxe5 35. d6 Bg5 36. d7 Rd2 37. f4 exf4+ 38. exf4 Be7 39. Rxa4 f5 40.
Ra7 Rd3+ 41. Kg2 Rd2+ 42. Kf1 Rxh2 43. Ra8+ Kf7 44. Bg2 Rh4 45. Bd5+ Kg7 46. Re8
Rxf4+ 47. Kg2 Bg5 48. Rg8+ Kh6 49. d8=Q Bxd8 50. Rxd8 Rd4 51. Rd7 Kg5 52. Kf3 h5
53. Ke3 Rd1 54. Ke2 Rd4 55. Ke3 Rd1 56. Ke2 Ra1 57. Rd6 Ra7 58. Kf2 h4 59. Bc4
Rc7 60. Bd3 Rg7 61. Kf3 Ra7 62. Ba6 Rc7 63. Bd3 Rc3 64. Kg2 Kf4 65. Rxg6 Rxd3
66. Rh6 h3+ 67. Kh2 Ra3 68. Rh8 Kg4 69. Rg8+ Kf4 70. Rh8 Ke4 71. Rb8 f4 72. Rb4+
Kf5 73. Rb8 Rc3 74. Ra8 Rb3 75. Ra7 Kg4 76. Rg7+ Kf3 77. Ra7 Rb1 78. Ra8 Rb7 79.
Ra6 Rb1 80. Ra8 Rb3 81. Ra7 Ke3 82. Re7+ Kf2 83. Ra7 Re3 84. Ra2+ Re2 85. Ra3 f3
86. Kxh3 Re8 87. Ra2+ Kf1 88. Kg3 Rg8+ 89. Kxf3 1/2-1/2

[Event "FIDE World Bl Team Final"]
[Site "Almaty KAZ"]
[Date "2024.08.05"]
[Round "2.1"]
[White "Khotenashvili, Bella"]
[Black "Dronavalli, Harika"]
[Result "1/2-1/2"]
[WhiteTitle "GM"]
[BlackTitle "GM"]
[WhiteElo "2427"]
[BlackElo "2502"]
[WhiteTeam "Ashdod Chess Club"]
[BlackTeam "Team MGD1"]
[WhiteFideId "13602640"]
[BlackFideId "5015197"]
[EventDate "2024.08.05"]

1. Nf3 Nf6 2. g3 g6 3. Bg2 Bg7 4. O-O O-O 5. d4 d6 6. a4 c6 7. a5 Qc7 8. Nc3 Na6
9. e4 e5 10. h3 Re8 11. dxe5 dxe5 12. Be3 Be6 13. Qe2 h6 14. Nd2 Nd7 15. Nc4
Ndc5 16. Rfb1 Bxc4 17. Qxc4 Ne6 18. b4 Nd4 19. Ne2 Red8 20. c3 Nb5 21. h4 h5 22.
Bh3 Kh7 23. Kg2 Bf6 24. Rf1 Nd6 25. Qd3 Nf5 26. Qc2 Nxe3+ 27. fxe3 Bg7 28. Ng1
Rd6 29. Nf3 f6 30. g4 hxg4 31. Bxg4 Rad8 32. Rf2 Bh6 33. Re2 Qf7 34. Rh1 Rg8 35.
Kf2 Nc7 36. Rd2 Rgd8 37. Rxd6 Rxd6 38. h5 g5 39. Rd1 Qe7 40. Bf5+ Kh8 41. Nh2
Qd8 42. Rxd6 Qxd6 43. Ng4 Kg7 44. Qb3 Qd2+ 45. Kf3 Qd6 46. Nxh6 Kxh6 47. Qg8
Qd1+ 48. Kf2 Qd2+ 49. Kf3 Qd1+ 50. Kf2 Qd2+ 1/2-1/2

[Event "FIDE World Bl Team Final"]
[Site "Almaty KAZ"]
[Date "2024.08.05"]
[Round "2.1"]
[White "Shah Mihir"]
[Black "Tanikin, Isabek"]
[Result "1-0"]
[WhiteElo "1801"]
[BlackElo "1952"]
[WhiteTeam "Team MGD1"]
[BlackTeam "Ashdod Chess Club"]
[WhiteFideId "46628878"]
[BlackFideId "13728717"]
[EventDate "2024.08.05"]

1. e4 e6 2. d3 d5 3. Nd2 c5 4. Ngf3 Nc6 5. g3 g6 6. Bg2 Bg7 7. O-O Nf6 8. Re1
O-O 9. c3 dxe4 10. dxe4 e5 11. Qc2 Qc7 12. Nc4 b6 13. Ne3 Bb7 14. a4 Rfd8 15.
Nd2 Na5 16. Ndc4 Nxc4 17. Nxc4 Rd7 18. a5 b5 19. a6 Bc6 20. Na5 Rad8 21. Nxc6
Qxc6 22. Be3 Ng4 23. Bg5 Bf6 24. Bc1 c4 25. h3 Nxf2 26. Qxf2 Bg7 27. Be3 Rd3 28.
Bxa7 Rd2 29. Re2 Rd1+ 30. Re1 R8d2 31. Rexd1 Rxf2 32. Bxf2 Bf6 33. a7 Qa8 34.
Rd5 Be7 35. Rxb5 Bd6 36. Rd5 Bc7 37. Rd7 1-0

[Event "FIDE World Bl Team Final"]
[Site "Almaty KAZ"]
[Date "2024.08.05"]
[Round "2.2"]
[White "Nepomniachtchi, Ian"]
[Black "Niemann, Hans Moke"]
[Result "1-0"]
[WhiteTitle "GM"]
[BlackTitle "GM"]
[WhiteElo "2767"]
[BlackElo "2711"]
[WhiteTeam "WR Chess Team"]
[BlackTeam "GMHans.com"]
[WhiteFideId "4168119"]
[BlackFideId "2093596"]
[EventDate "2024.08.05"]

1. c4 Nf6 2. Nc3 e5 3. Nf3 Nc6 4. g3 Nd4 5. Bg2 Nxf3+ 6. Bxf3 Bb4 7. Qb3 a5 8.
O-O O-O 9. Rd1 Re8 10. d4 e4 11. Bg2 h6 12. Bf4 Bxc3 13. bxc3 d6 14. c5 d5 15.
Rab1 Ra7 16. c4 dxc4 17. Qxc4 Nd5 18. Be5 Bf5 19. c6 bxc6 20. Qxc6 f6 21. Qc5
Ra6 22. Bxc7 Qd7 23. Rdc1 Kh7 24. Bxa5 e3 25. Rb2 exf2+ 26. Kxf2 Ne3 27. Bf3 Be4
28. Kxe3 Bxf3+ 29. Kxf3 Qh3 30. e4 Kh8 31. Bc7 Rae6 32. Re1 f5 33. Be5 Kh7 34.
Rb7 Rg6 35. Qc2 f4 36. Bxf4 Rf8 37. e5 Qg4+ 38. Ke3 Kg8 39. Reb1 Rxf4 40. gxf4
Qh3+ 41. Ke4 Rg2 42. Qd3 Qe6 43. d5 Qg6+ 44. Kd4 1-0

[Event "FIDE World Bl Team Final"]
[Site "Almaty KAZ"]
[Date "2024.08.05"]
[Round "2.2"]
[White "Tabatabaei, M. Amin"]
[Black "Duda, Jan-Krzysztof"]
[Result "0-1"]
[WhiteTitle "GM"]
[BlackTitle "GM"]
[WhiteElo "2712"]
[BlackElo "2733"]
[WhiteTeam "GMHans.com"]
[BlackTeam "WR Chess Team"]
[WhiteFideId "12521213"]
[BlackFideId "1170546"]
[EventDate "2024.08.05"]

1. e4 e5 2. Nf3 Nc6 3. Bc4 Bc5 4. d3 Nf6 5. c3 d6 6. O-O a6 7. Re1 Ba7 8. Nbd2
O-O 9. Nf1 Na5 10. Bb3 Nxb3 11. axb3 h6 12. h3 Re8 13. Ng3 d5 14. exd5 Qxd5 15.
b4 b5 16. Be3 Bxe3 17. Rxe3 Bb7 18. Qe2 e4 19. dxe4 Nxe4 20. Nxe4 Rxe4 21. Rxe4
Qxe4 22. Qxe4 Bxe4 23. Nd4 Bd5 24. f3 Kf8 25. Kf2 Ke7 26. h4 g6 27. g4 Kd6 28.
h5 c5 29. bxc5+ Kxc5 30. hxg6 fxg6 31. b4+ Kc4 32. Ra3 Kd3 33. Ne2 Rf8 34. f4
Rf6 35. Ra1 Kd2 36. Rb1 Bc4 37. Rb2+ Kd1 38. Rb1+ Kc2 39. Rf1 Kd2 40. Re1 Re6
41. f5 gxf5 42. gxf5 Rxe2+ 43. Kg1 0-1

[Event "FIDE World Bl Team Final"]
[Site "Almaty KAZ"]
[Date "2024.08.05"]
[Round "2.2"]
[White "Praggnanandhaa, R"]
[Black "Jacobson, Brandon"]
[Result "1-0"]
[WhiteTitle "GM"]
[BlackTitle "GM"]
[WhiteElo "2749"]
[BlackElo "2575"]
[WhiteTeam "WR Chess Team"]
[BlackTeam "GMHans.com"]
[WhiteFideId "25059530"]
[BlackFideId "30901561"]
[EventDate "2024.08.05"]

1. Nf3 d5 2. g3 Nf6 3. Bg2 e6 4. O-O c5 5. d3 Nc6 6. Nbd2 Be7 7. e4 O-O 8. Re1
Qc7 9. Nf1 dxe4 10. dxe4 Rd8 11. Bd2 b6 12. Qc1 Bb7 13. c3 c4 14. Bf4 e5 15. Bg5
Nd7 16. Ne3 Bxg5 17. Nxg5 Nc5 18. Nd5 Qd6 19. Qc2 h6 20. Nf3 Ne7 21. Nxe7+ Qxe7
22. b4 Nd3 23. Re3 a5 24. b5 a4 25. Nd2 Qc5 26. Bf1 Qxb5 27. Rb1 Qc5 28. Nxc4
Qxc4 29. Bxd3 Qc5 30. Rb4 a3 31. Bc4 Rac8 32. Qe2 Rc7 33. Bb5 Qd6 34. Rb3 Rc5
35. Bd3 Rcc8 36. h4 Rd7 37. Bb5 Rdc7 38. Rd3 Qg6 39. Re3 Rd8 40. Bd3 Qd6 41. Bb5
Qc5 42. Rb4 Bc8 43. Rc4 Qe7 44. Rxc7 Qxc7 45. Bc4 Rd6 46. Bd5 Be6 47. c4 Qc5 48.
Rb3 Bd7 49. Qe3 Be6 50. Qxc5 bxc5 51. Rxa3 Rb6 52. Ra5 Bg4 53. Kg2 Rb1 54. Rxc5
Ra1 55. Ra5 Be2 56. Ra8+ Kh7 57. Bxf7 g5 58. hxg5 hxg5 59. f3 Rc1 60. Kf2 Rc2
61. Ke3 Bf1 62. f4 g4 63. fxe5 Rg2 64. Bg8+ Kg7 65. Kf4 Be2 66. Be6 Bd1 67. Bxg4 1-0

[Event "FIDE World Bl Team Final"]
[Site "Almaty KAZ"]
[Date "2024.08.05"]
[Round "2.1"]
[White "Hong, Andrew"]
[Black "Abdusattorov, Nodirbek"]
[Result "1/2-1/2"]
[WhiteTitle "GM"]
[BlackTitle "GM"]
[WhiteElo "2572"]
[BlackElo "2762"]
[WhiteTeam "GMHans.com"]
[BlackTeam "WR Chess Team"]
[WhiteFideId "2099438"]
[BlackFideId "14204118"]
[EventDate "2024.08.05"]

1. d4 d5 2. Nc3 e6 3. e4 dxe4 4. Nxe4 Nd7 5. Nf3 Ngf6 6. Bg5 h6 7. Nxf6+ Nxf6 8.
Be3 Bd7 9. Ne5 Bd6 10. Bd3 Nd5 11. Bd2 c5 12. Qh5 O-O 13. Bxh6 gxh6 14. Qxh6 f5
15. Qg6+ Kh8 16. Qh6+ Kg8 17. Qg6+ Kh8 18. Qh5+ Kg7 19. Qg6+ 1/2-1/2

[Event "FIDE World Bl Team Final"]
[Site "Almaty KAZ"]
[Date "2024.08.05"]
[Round "2.2"]
[White "Kosteniuk, Alexandra"]
[Black "Salimova, Nurgyul"]
[Result "1-0"]
[WhiteTitle "GM"]
[BlackTitle "IM"]
[WhiteElo "2488"]
[BlackElo "2412"]
[WhiteTeam "WR Chess Team"]
[BlackTeam "GMHans.com"]
[WhiteFideId "4128125"]
[BlackFideId "2915138"]
[EventDate "2024.08.05"]

1. e4 e5 2. Nf3 Nc6 3. Bc4 Nf6 4. d3 h6 5. O-O Bc5 6. Nc3 d6 7. Na4 Bb6 8. h3
Ne7 9. Nxb6 axb6 10. d4 exd4 11. Qxd4 Nc6 12. Qd3 O-O 13. Re1 Nd7 14. Qc3 Nc5
15. b4 Nd7 16. Bb2 Nce5 17. Nxe5 dxe5 18. f4 Qe7 19. fxe5 b5 20. Bxb5 Nb6 21. a4
Be6 22. a5 Nc8 23. Bd3 c6 24. b5 Qg5 25. bxc6 bxc6 26. Bf1 Ne7 27. a6 Ng6 28.
Re3 Rfb8 29. Rg3 Qh4 30. Rxg6 fxg6 31. Bc4 Bxc4 32. Qxc4+ Kh7 33. Bc3 Rf8 34.
Qd4 Rad8 35. Qe3 Rf4 36. Be1 Rxe4 37. Bxh4 Rxe3 38. Bxd8 1-0

[Event "FIDE World Bl Team Final"]
[Site "Almaty KAZ"]
[Date "2024.08.05"]
[Round "2.2"]
[White "Andreikin, Dmitry"]
[Black "Yu, Yangyi"]
[Result "1/2-1/2"]
[WhiteTitle "GM"]
[BlackTitle "GM"]
[WhiteElo "2729"]
[BlackElo "2703"]
[WhiteTeam "Al-Ain ACMG UAE"]
[BlackTeam "Decade China Team"]
[WhiteFideId "4158814"]
[BlackFideId "8603820"]
[EventDate "2024.08.05"]

1. Nf3 d5 2. g3 Nf6 3. Bg2 e6 4. O-O Be7 5. d3 O-O 6. Bf4 Nc6 7. a4 Nh5 8. Bd2
Nf6 9. Bf4 Nh5 10. Bc1 Nf6 11. Nbd2 e5 12. e4 dxe4 13. dxe4 a5 14. c3 Bc5 15.
Qc2 h6 16. Nc4 Qe7 17. Nh4 Re8 18. Ne3 Qf8 19. Nef5 Ne7 20. Bd2 Nxf5 21. Nxf5 c6
22. Rad1 Be6 23. Bc1 Rad8 24. h3 1/2-1/2

[Event "FIDE World Bl Team Final"]
[Site "Almaty KAZ"]
[Date "2024.08.05"]
[Round "2.2"]
[White "Ju, Wenjun"]
[Black "Maghsoodloo, Parham"]
[Result "0-1"]
[WhiteTitle "GM"]
[BlackTitle "GM"]
[WhiteElo "2563"]
[BlackElo "2723"]
[WhiteTeam "Decade China Team"]
[BlackTeam "Al-Ain ACMG UAE"]
[WhiteFideId "8603006"]
[BlackFideId "12539929"]
[EventDate "2024.08.05"]

1. e4 c5 2. c3 Nf6 3. e5 Nd5 4. d4 cxd4 5. cxd4 e6 6. Nf3 d6 7. Bc4 dxe5 8. dxe5
b6 9. O-O Bb7 10. Qe2 Nd7 11. Bg5 Be7 12. Bxe7 Qxe7 13. Nbd2 O-O 14. Rac1 Rfd8
15. Rfe1 h6 16. a3 Rac8 17. g3 Nc5 18. b4 Na4 19. Ne4 b5 20. Bxd5 Bxd5 21. Nd6
Rxc1 22. Rxc1 a6 23. Nd4 f6 24. f4 fxe5 25. fxe5 Qg5 26. Rf1 Nc3 27. Qe1 Ne4 28.
Nf7 Qg4 29. Nxd8 Ng5 30. h4 Qxd4+ 31. Kh2 Nf3+ 32. Rxf3 Bxf3 33. Nxe6 Qb2+ 0-1

[Event "FIDE World Bl Team Final"]
[Site "Almaty KAZ"]
[Date "2024.08.05"]
[Round "2.2"]
[White "Lagno, Kateryna"]
[Black "Xu, Xiangyu"]
[Result "0-1"]
[WhiteTitle "GM"]
[BlackTitle "GM"]
[WhiteElo "2532"]
[BlackElo "2628"]
[WhiteTeam "Al-Ain ACMG UAE"]
[BlackTeam "Decade China Team"]
[WhiteFideId "14109336"]
[BlackFideId "8608288"]
[EventDate "2024.08.05"]

1. e4 c5 2. Nf3 Nc6 3. Bb5 Nf6 4. e5 Nd5 5. Nc3 Nc7 6. Bxc6 dxc6 7. d3 h6 8. h3
Bf5 9. O-O g5 10. Ne4 Ne6 11. Ng3 Bg6 12. Be3 Bg7 13. Qe2 Qd5 14. b3 Rd8 15.
Rae1 O-O 16. Bd2 Rfe8 17. Ne4 f5 18. Nc3 Qd7 19. a4 b6 20. Qd1 Bh5 21. g4 fxg4
22. Nh2 Nd4 23. hxg4 Bg6 24. f4 gxf4 25. Bxf4 Rf8 26. Qd2 Kh7 27. Ne4 Rf7 28.
Nf3 Qxg4+ 29. Qg2 Rxf4 30. Nxd4 Rxf1+ 31. Rxf1 Qxg2+ 32. Kxg2 Rxd4 33. Ng3 Bxe5
34. Nf5 Bxf5 35. Rxf5 Bf6 36. Rf2 h5 37. Kf3 Kg6 38. Rg2+ Bg5 39. Re2 Kf5 40.
Kg3 e5 41. Kh3 Rf4 42. Kg2 h4 43. Kh3 Rf3+ 44. Kg2 Rg3+ 45. Kf2 Bf4 46. Re1 h3
47. Rf1 Kg4 0-1

[Event "FIDE World Bl Team Final"]
[Site "Almaty KAZ"]
[Date "2024.08.05"]
[Round "2.2"]
[White "Eljanov, Pavel"]
[Black "Sadhwani, Raunak"]
[Result "0-1"]
[WhiteTitle "GM"]
[BlackTitle "GM"]
[WhiteElo "2672"]
[BlackElo "2653"]
[WhiteTeam "Ashdod Chess Club"]
[BlackTeam "Team MGD1"]
[WhiteFideId "14102951"]
[BlackFideId "35093487"]
[EventDate "2024.08.05"]

1. d4 Nf6 2. c4 e6 3. Nc3 d5 4. cxd5 exd5 5. Bg5 Be7 6. e3 h6 7. Bh4 c6 8. Bd3
O-O 9. Nge2 a5 10. O-O Re8 11. Qc2 Na6 12. a3 Nc7 13. h3 Ne6 14. Rab1 b5 15. Bg3
Bb7 16. Nf4 Ng5 17. Bh2 Bd6 18. Rbe1 Qc7 19. Rc1 Qb8 20. Bg3 b4 21. axb4 axb4
22. Nce2 Nge4 23. Bxe4 Nxe4 24. Nh5 Nxg3 25. Nexg3 Qd8 26. Nf5 Bf8 27. Nfg3 Rc8
28. Rfd1 Qg5 29. Nf4 c5 30. dxc5 Bxc5 31. Qd2 Bxe3 32. fxe3 Qxg3 33. Rxc8 Rxc8
34. Nxd5 Bxd5 35. Qxd5 Qxe3+ 36. Kh1 Qe2 37. Qd2 Rc2 38. Qxe2 Rxe2 39. b3 Re3
40. Rb1 Rc3 41. Kg1 h5 42. h4 Kh7 43. Kf2 Kg6 44. Rd1 Rxb3 45. Rd5 0-1

[Event "FIDE World Bl Team Final"]
[Site "Almaty KAZ"]
[Date "2024.08.05"]
[Round "2.2"]
[White "Narayanan, S.L."]
[Black "Volokitin, Andrei"]
[Result "1/2-1/2"]
[WhiteTitle "GM"]
[BlackTitle "GM"]
[WhiteElo "2649"]
[BlackElo "2667"]
[WhiteTeam "Team MGD1"]
[BlackTeam "Ashdod Chess Club"]
[WhiteFideId "5058422"]
[BlackFideId "14107090"]
[EventDate "2024.08.05"]

1. d4 Nf6 2. Nf3 d5 3. c4 e6 4. Nc3 Bb4 5. e3 O-O 6. Bd2 b6 7. cxd5 exd5 8. Bd3
Bd6 9. O-O Re8 10. Qb1 Ba6 11. Bxa6 Nxa6 12. Rc1 c5 13. dxc5 bxc5 14. Rd1 Rb8
15. Be1 Nc7 16. Qc2 Qe7 17. Rac1 h6 18. b3 Qe6 19. Ne2 Ne4 20. Ng3 Nxg3 21. hxg3
Rbc8 22. Ba5 Be7 23. Rd2 Red8 24. Rcd1 Rd7 25. Ne1 Qc6 26. Nd3 Bd6 27. Nb4 Qb5
28. Bxc7 cxb4 29. Rxd5 Qa6 30. Qd2 Rcxc7 31. Rxd6 Rxd6 32. Qxd6 Qxd6 33. Rxd6
Rc1+ 34. Kh2 Rc2 35. Ra6 Rxf2 36. Rxa7 Re2 37. Ra4 h5 38. Kg1 g6 39. Kf1 Rc2 40.
e4 Kf8 41. Rxb4 Rxa2 42. Rc4 Rb2 43. b4 Ke7 44. Kg1 Ke6 45. Kh2 Ke5 46. Kh3 Ke6
47. Rc6+ Ke5 48. Rb6 Kxe4 49. Rf6 Ke5 50. Rxf7 Rxb4 51. Rf1 Ke6 52. Kh2 1/2-1/2

[Event "FIDE World Bl Team Final"]
[Site "Almaty KAZ"]
[Date "2024.08.05"]
[Round "2.2"]
[White "Moiseenko, Alexander"]
[Black "Pranav, V"]
[Result "0-1"]
[WhiteTitle "GM"]
[BlackTitle "GM"]
[WhiteElo "2562"]
[BlackElo "2598"]
[WhiteTeam "Ashdod Chess Club"]
[BlackTeam "Team MGD1"]
[WhiteFideId "14102560"]
[BlackFideId "25060783"]
[EventDate "2024.08.05"]

1. d4 Nf6 2. Bg5 Ne4 3. Bf4 c5 4. f3 Qa5+ 5. c3 Nf6 6. d5 Qb6 7. e4 e6 8. Na3
Qxb2 9. Nc4 Qxc3+ 10. Bd2 Qd4 11. Rc1 Nxe4 12. fxe4 Qxe4+ 13. Kf2 Qxd5 14. Nf3
Nc6 15. Ne3 Qh5 16. Be2 d5 17. Re1 Bd6 18. g4 Qg6 19. Nxd5 Qxg4 20. Rg1 Qe4 21.
Nc3 Qf5 22. Rg5 Qh3 23. Bf1 Qh6 24. Rd5 Bf4 25. Rxc5 O-O 26. Bxf4 Qxf4 27. Qd2
Qb4 28. Rg5 f6 29. Rg3 e5 30. Bd3 g5 31. Kg1 h6 32. Nxg5 fxg5 33. Rxg5+ hxg5 34.
Qxg5+ Kf7 35. Rf1+ Ke8 36. Bg6+ Kd7 37. Bf5+ Kd6 38. Qh6+ Kc5 39. Qxf8+ Kc4 40.
Qf7+ Kxc3 41. Rc1+ Kd2 42. Rc2+ Ke1 43. Qd5 Qd4+ 44. Qxd4 exd4 45. Bd3 Nb4 46.
Re2+ Kd1 47. Bc4 Bf5 48. Re5 Bd3 49. Bxd3 Nxd3 50. Rd5 Rg8+ 51. Kf1 Rf8+ 52. Kg1
Rf4 53. h3 Ne1 54. Kh2 d3 55. Kg3 Rf8 56. h4 d2 57. h5 Kc1 58. Rc5+ Nc2 0-1

[Event "FIDE World Bl Team Final"]
[Site "Almaty KAZ"]
[Date "2024.08.05"]
[Round "2.2"]
[White "Dronavalli, Harika"]
[Black "Khotenashvili, Bella"]
[Result "0-1"]
[WhiteTitle "GM"]
[BlackTitle "GM"]
[WhiteElo "2502"]
[BlackElo "2427"]
[WhiteTeam "Team MGD1"]
[BlackTeam "Ashdod Chess Club"]
[WhiteFideId "5015197"]
[BlackFideId "13602640"]
[EventDate "2024.08.05"]

1. Nf3 g6 2. d4 Bg7 3. g3 c5 4. c3 Nf6 5. Bg2 O-O 6. O-O Qc7 7. Re1 d6 8. e4 e5
9. h3 Nc6 10. dxc5 dxc5 11. Na3 Rd8 12. Qe2 h6 13. Nd2 a6 14. Nc2 b5 15. a4 Rb8
16. axb5 axb5 17. Nb3 Bf8 18. Ne3 Be6 19. Nd2 c4 20. Ndf1 Na5 21. Nd2 Nb7 22.
Qf3 Bg7 23. Ndf1 Nc5 24. Qe2 Nfxe4 25. Ng4 f5 26. Ngh2 Nd6 27. h4 e4 28. Be3 Nd3
29. Reb1 Nf7 30. Ra7 Rb7 31. Rxb7 Qxb7 32. Nd2 b4 33. cxb4 Qxb4 34. Ra1 Qxb2 35.
Rb1 Qc2 36. Qf1 c3 37. Nxe4 fxe4 38. Bxe4 Bf5 39. Bxf5 gxf5 40. Rb7 Nde5 41. Qb5
Qd1+ 42. Nf1 Qd5 43. Qb6 Nf3+ 44. Kh1 Nd2+ 45. Kg1 Nxf1 46. Kxf1 Qh1+ 47. Ke2
Qd1# 0-1

[Event "FIDE World Bl Team Final"]
[Site "Almaty KAZ"]
[Date "2024.08.05"]
[Round "2.2"]
[White "Tanikin, Isabek"]
[Black "Shah Mihir"]
[Result "0-1"]
[WhiteElo "1952"]
[BlackElo "1801"]
[WhiteTeam "Ashdod Chess Club"]
[BlackTeam "Team MGD1"]
[WhiteFideId "13728717"]
[BlackFideId "46628878"]
[EventDate "2024.08.05"]

1. e4 e6 2. d4 d5 3. Nd2 c5 4. exd5 Qxd5 5. dxc5 Qxc5 6. Ngf3 Nf6 7. Bd3 Nbd7 8.
O-O Qc7 9. Nb3 Bd6 10. c3 O-O 11. h3 b6 12. Qe2 Bb7 13. Nbd4 a6 14. Bc2 Rfe8 15.
Bg5 Nd5 16. Rfe1 Nf4 17. Bxf4 Bxf4 18. Be4 Nf6 19. Bxb7 Qxb7 20. Rad1 b5 21. a3
Rac8 22. g3 Bb8 23. Qe3 Ba7 24. Ne5 a5 25. Qf4 b4 26. axb4 axb4 27. Ng4 Nxg4 28.
Qxg4 bxc3 29. bxc3 Qb2 30. Re2 Qb6 31. Nf3 Rxc3 32. Red2 h6 33. Ne5 Qc7 34. Nf3
Qc5 35. Kg2 Qc6 36. Kg1 Qxf3 37. Qxf3 Rxf3 38. Rd8 Rxd8 39. Rxd8+ Kh7 40. Rd2
Rxg3+ 41. Kh2 Rf3 42. Kg2 Rxf2+ 0-1

[Event "FIDE World Bl Team Final"]
[Site "Almaty KAZ"]
[Date "2024.08.05"]
[Round "2.2"]
[White "Rapport, Richard"]
[Black "Grischuk, Alexander"]
[Result "1/2-1/2"]
[WhiteTitle "GM"]
[BlackTitle "GM"]
[WhiteElo "2715"]
[BlackElo "2708"]
[WhiteTeam "Chessy"]
[BlackTeam "Kazchess"]
[WhiteFideId "738590"]
[BlackFideId "4126025"]
[EventDate "2024.08.05"]

1. e4 e5 2. Nc3 Nf6 3. Bc4 Bc5 4. Nge2 O-O 5. O-O d6 6. d3 c6 7. Na4 Bb4 8. a3
Ba5 9. Ba2 b5 10. Nac3 Bb6 11. h3 Nh5 12. Nxb5 Kh8 13. Nbc3 f5 14. d4 fxe4 15.
Nxe4 d5 16. Bg5 Qc7 17. N4g3 Nxg3 18. fxg3 Nd7 19. Qd3 e4 20. Qe3 Ba6 21. Bf4
Qb7 22. c3 c5 23. Kh2 Bd3 24. dxc5 Nxc5 25. Qd2 Ne6 26. Be5 Rad8 27. Rae1 Bc7
28. Rxf8+ Rxf8 29. Bxc7 Nxc7 30. Nd4 Qb6 31. b4 h6 32. Bb1 Bc4 33. Qe3 Qd6 34.
Rd1 Qe5 35. Nc6 Qf6 36. Na5 Bb5 37. c4 dxc4 38. Qxe4 g6 39. Nxc4 Re8 40. Qxg6
Qxg6 41. Bxg6 Re2 42. Nd6 Bc6 43. Rg1 Re6 44. Nf7+ Kg7 45. Bf5 Rf6 46. Ne5 Bxg2
47. Rxg2 Rxf5 48. Nc6 a6 49. Re2 Nb5 50. a4 Nc3 51. Re7+ Kf8 52. Ra7 Nxa4 53.
Ra8+ Kg7 54. Ra7+ Kf8 55. Rxa6 Nc3 56. Nd4 Rf2+ 57. Kg1 Rd2 58. Ne6+ Kf7 59. Nf4
Ne4 60. g4 Ng5 61. Ra3 Rd4 62. Nd3 Nxh3+ 63. Kh2 Nf4 64. Ne5+ Ke6 65. Nc6 Rd2+
66. Kg3 Nd5 67. b5 Rb2 68. Rd3 Nf6 69. Nd4+ Ke5 70. Rb3 Ne4+ 71. Kh3 Ng5+ 72.
Kg3 Ne4+ 73. Kh3 Ng5+ 74. Kh4 Rh2+ 75. Kg3 Rh3+ 76. Kg2 Rxb3 77. Nxb3 Kd6 78.
Kg3 Kc7 79. Kh4 Kb6 80. Nd4 Kc5 81. Kh5 Nf7 82. Nf5 Ne5 83. Nd4 Nf7 84. Kg6 Ne5+
85. Kf5 Nd3 86. Ke4 Nf2+ 87. Kf3 Nd3 88. Ke3 Ne5 89. Kf4 Kxd4 90. b6 Nd7 91. b7
Nb8 92. Kf5 Ke3 93. Kg6 Kf4 94. Kxh6 Kxg4 1/2-1/2